000 00505nam a2200169Ia 4500
999 _c12467
_d12467
003 OSt
005 20201015125858.0
008 190216s9999||||xx |||||||||||||| ||und||
040 _coclc
082 _a821.78
_bKEA/C
100 _aKeats, John
_94930
245 0 _aComplete Poetical Works /
_b
_cJohn Keats ; Percy Bysshe Shelley
260 _bThe Modern Library,
_c1978.
_aNew york:
300 _a914p
650 _aEnglish Poetry
942 _cBK
_2ddc
_h821.78
_iKEA/C
_k821.78
_mKEA/C